- Drago, Flavia Z.
Entry Nombre Personal
001 - NUMERO DE CONTROL
- campo de control: 50470
003 - IDENTIFICADOR DE NUMERO DE CONTROL
- campo de control: DLC
005 - FECHA Y HORA DE LA ÜLTIMA TRANSACCIÓN
- campo de control: 20231027121958.0
008 - DATOS DE LONGITUD FIJA
- campo de control de longitud fija: 200709n| azannaabn |n aaa c
010 ## - NÚMERO DE CONTROL DE LA BIBLIOTECA DEL CONGRESO
- Número de control LC: no2020081515
035 ## - NUMERO DE CONTROL
- Número de control: (OCoLC)oca13053617
040 ## - FUENTE DE CATALOGACIÓN
- Agencia original de catalogación: ICrlF
- Lenguaje de catalogación: spa
- Description conventions: rda
- Agencia de transcripción: ICrlF
- Agencia que lo modifica: MX-MxUPN
100 1# - ENCABEZAMIENTO - NOMBRE PERSONAL
- Nombre personal: Drago, Flavia Z.
370 ## - LUGAR ASOCIADO
- Place of birth: Ciudad de México
372 ## - CAMPO DE ACTIVIDAD
- Field of activity: Literatura infantil
374 ## - OCUPACIÓN
- Occupation: Escritora
- Occupation: Ilustradora
377 ## - LENGUA ASOCIADA
- Language code: spa
378 ## - FORMA COMPLETA DE NOMBRE PERSONAL
- Fuller form of personal name: Flavia Zorrilla
670 ## - FUENTE EN LA QUE SE LOCALIZARON DATOS
- Cita de la fuente: Drago, Flavia Z. Gustav, the shy ghost, 2020:
- Información localizada: portada (Flavia Z. Drago) página legal. (copyright ©2020 by Flavia Zorrilla Drago) solapa (Flavia Z. Drago; nació y reside en la Ciudad de México)
670 ## - FUENTE EN LA QUE SE LOCALIZARON DATOS
- Cita de la fuente: Gustavo, el fantasma tímido, 2020:
- Información localizada: portada (Flavia Z. Drago)
902 ## - CATALOGADOR
- Catalogador: Víctor Ruiz/271023
